Winter song /

Shranjeno v:
Bibliografske podrobnosti
Glavni avtor: Gellis, Roberta
Format: Knjiga
Jezik:English
Izdano: New York : Playboy Paperbacks, c1982.
Serija:Gellis, Roberta. Royal dynasty ; bk. 2.
LEADER 00848nam a2200241 a 4500
001 c000264396
003 CARM
005 20070712133957.0
008 840817s1982 nyu 000 1 eng d
019 1 |a 50072109  |5 LACONCORD2021 
020 |a 087210915 (pbk.) 
035 |a (OCoLC)8757449  |5 LACONCORD2021 
040 |a VCAV  |c VCAV 
082 0 4 |a 813.54  |2 22 
100 1 |a Gellis, Roberta. 
245 1 0 |a Winter song /  |c Roberta Gellis. 
260 |a New York :  |b Playboy Paperbacks,  |c c1982. 
300 |a 400 p. ;  |c 18 cm. 
490 1 |a The Royal dynasty ;  |v bk. 2 
800 1 |a Gellis, Roberta.  |t Royal dynasty ;  |v bk. 2. 
852 8 |b CARM  |h A1:AN12A0  |i A04444  |p 0381362  |f BK 
999 f f |i 1bfbae87-beb2-5678-8188-2c49086fffb2  |s 2fb2fcf8-789a-56ce-860a-8845332d52a2 
952 f f |p Can circulate  |a CAVAL  |b CAVAL  |c CAVAL  |d CARM 1 Store  |e A04444  |f A1:AN12A0  |h Other scheme  |i book  |m 0381362